000 00664nam a2200277 a 4500
003 AR-BaBNM
005 20251128203516.0
008 082120s2002 ||||||||||||||000 | spa||
040 _cAR-BaBNM
100 1 _aErrandonea, Ignacio
_cS.J.
245 0 0 _aGramática latina
250 _a7ª ed.
260 _aBrujas
_bDesclée de Brouwer
_c1938
300 _axx, 347 p.
650 4 _aGRAMATICA
650 4 _aFONOLOGIA
650 4 _aFILOLOGIA
650 4 _aLATIN
650 4 _aMORFOLOGIA [LINGÜISTICA]
650 4 _aSINTAXIS
650 4 _aSEMANTICA
650 4 _aENSEÑANZA DE IDIOMAS
653 _aGRAMATICA LATINA
942 _cBK
998 _cMARTIN
999 _c3700
_d3700